[Event "Leyland op"]
[Site "Leyland"]
[Date "2019.08.24"]
[Round "2"]
[White "Bimpson, Tom"]
[Black "Vassiliou, Chris"]
[Result "1/2-1/2"]
[WhiteElo "1937"]
[BlackElo "1903"]
[PlyCount "42"]
[EventDate "2019.08.24"]
[EventType "swiss"]
[EventRounds "6"]
[EventCountry "ENG"]
[SourceTitle "EXT 2020"]
[Source "ChessBase"]
[SourceDate "2019.10.17"]
[SourceVersion "1"]
[SourceVersionDate "2019.10.17"]
[SourceQuality "1"]

1. d4 f5 2. Bg5 h6 3. Bh4 g5 4. e3 Nf6 5. Bg3 d6 6. h4 Bg7 7. Nc3 Nc6 8. hxg5 hxg5 9. Rxh8+ Bxh8 10. Bb5 a6 11. Ba4 b5 12. Bb3 Na5 13. Nd5 Nxb3 14. Nxf6+ Bxf6 15. Qh5+ Kf8 16. axb3 Qe8 17. Qh2 Qg6 18. Ne2 Bb7 19. 0-0-0 Kf7 20. Qg1 Rh8 21. f3 Ke8 1/2-1/2

[Event "Frodsham op"]
[Site "Frodsham"]
[Date "2018.02.04"]
[Round "4"]
[White "Vassiliou, Chris"]
[Black "Boswell, Jacob Connor"]
[Result "0-1"]
[WhiteElo "1876"]
[BlackElo "1803"]
[PlyCount "68"]
[EventDate "2018.02.02"]
[EventType "swiss"]
[EventRounds "5"]
[EventCountry "ENG"]
[SourceTitle "CBM 182 Extra"]
[Source "ChessBase"]
[SourceDate "2018.02.23"]
[SourceVersion "1"]
[SourceVersionDate "2018.02.23"]
[SourceQuality "1"]

1. d4 f5 2. g3 e6 3. Bg2 Nf6 4. Nf3 Be7 5. 0-0 0-0 6. b3 d6 7. Bb2 Qe8 8. c4 Nbd7 9. Nbd2 Bd8 10. Re1 e5 11. e4 f4 12. dxe5 dxe5 13. Ba3 Be7 14. Bxe7 Qxe7 15. Nb1 Nc5 16. Nc3 c6 17. gxf4 exf4 18. e5 Ng4 19. h3 Nh6 20. Qe2 Bf5 21. Rad1 Nf7 22. Nd4 Ng5 23. Kh2 Nce6 24. Nxf5 Rxf5 25. Qg4 Raf8 26. Be4 h5 27. Qg2 f3 28. Qg3 Rf4 29. Rd3 Nxh3 30. Rxf3 Rh4 31. Rxf8+ Kxf8 32. Bf5 Nef4 33. f3 Ng5+ 34. Kg1 Qc5+ 0-1

[Event "Bolton 4NCL op-B 4th"]
[Site "Bolton"]
[Date "2015.09.13"]
[Round "4.3"]
[White "Vassiliou, Chris"]
[Black "Gazis, Georgios"]
[Result "1-0"]
[WhiteElo "1933"]
[BlackElo "1766"]
[PlyCount "31"]
[EventDate "2015.09.11"]
[EventType "swiss"]
[EventRounds "5"]
[EventCountry "ENG"]
[SourceTitle "EXT 2023"]
[Source "ChessBase"]
[SourceDate "2022.10.05"]
[SourceVersion "1"]
[SourceVersionDate "2022.10.05"]
[SourceQuality "1"]

1. d4 Nf6 2. c4 c5 3. d5 e6 4. Nc3 exd5 5. cxd5 d6 6. Nf3 g6 7. h3 Bg7 8. e4 0-0 9. Bd3 b5 10. Nxb5 Nxe4 11. Bxe4 Re8 12. Ng5 h6 13. Ne6 Bxe6 14. dxe6 Rxe6 15. 0-0 Rxe4 16. Qd5 1-0

[Event "Bolton Easter op"]
[Site "Bolton"]
[Date "2015.04.04"]
[Round "3"]
[White "Manton, Jacob"]
[Black "Vassiliou, Chris"]
[Result "1/2-1/2"]
[WhiteElo "1862"]
[BlackElo "1964"]
[PlyCount "73"]
[EventDate "2015.04.03"]
[EventType "swiss"]
[EventRounds "5"]
[EventCountry "ENG"]
[SourceTitle "CBM 165 Extra"]
[Source "ChessBase"]
[SourceDate "2015.04.21"]
[SourceVersion "1"]
[SourceVersionDate "2015.04.21"]
[SourceQuality "1"]

1. d4 f5 2. Bg5 c6 3. e3 Qb6 4. Bd3 d6 5. Nd2 g6 6. Nc4 Qc7 7. f3 Bg7 8. c3 Nf6 9. e4 fxe4 10. fxe4 e5 11. dxe5 dxe5 12. Nf3 Nbd7 13. Bc2 0-0 14. Qd6 Qxd6 15. Nxd6 h6 16. Be3 Ne8 17. Bb3+ Kh7 18. 0-0-0 Nxd6 19. Rxd6 Nb6 20. Kd2 Bg4 21. Ke2 Rad8 22. Rhd1 Rxd6 23. Rxd6 Nc8 24. Rd2 Bf6 25. h3 Bxf3+ 26. gxf3 Rd8 27. Be6 Rxd2+ 28. Kxd2 Nb6 29. Bxb6 axb6 30. Bc8 c5 31. Bxb7 Kg7 32. Kd3 Bd8 33. b4 cxb4 34. cxb4 Kf6 35. a4 Kg5 36. Ke3 Be7 37. b5 1/2-1/2

[Event "Bolton Easter op"]
[Site "Bolton"]
[Date "2015.04.03"]
[Round "1"]
[White "Mason, Donald"]
[Black "Vassiliou, Chris"]
[Result "1-0"]
[WhiteElo "2157"]
[BlackElo "1964"]
[PlyCount "85"]
[EventDate "2015.04.03"]
[EventType "swiss"]
[EventRounds "5"]
[EventCountry "ENG"]
[SourceTitle "CBM 165 Extra"]
[Source "ChessBase"]
[SourceDate "2015.04.21"]
[SourceVersion "1"]
[SourceVersionDate "2015.04.21"]
[SourceQuality "1"]

1. d4 f5 2. Nc3 d5 3. Bg5 g6 4. h4 h6 5. Bf4 c6 6. Nf3 Nf6 7. Ne5 Rg8 8. Qd2 h5 9. Bh6 Ng4 10. Bxf8 Nxe5 11. Bxe7 Qxe7 12. dxe5 Qxe5 13. 0-0-0 Be6 14. Rh3 Nd7 15. Re3 Qf6 16. Nxd5 cxd5 17. Qxd5 Kf7 18. Rxe6 Qxe6 19. Qxd7+ Qxd7 20. Rxd7+ Kf6 21. Rxb7 Rgb8 22. Rxb8 Rxb8 23. e3 Ke5 24. g3 a5 25. Bd3 Rb6 26. c4 Rd6 27. Kc2 Rb6 28. Kc3 Rb8 29. b3 Rb6 30. a3 Rb8 31. f4+ Kf6 32. e4 fxe4 33. Bxe4 Re8 34. Kd4 Rb8 35. Bc2 Rd8+ 36. Kc5 Rd7 37. Be4 Re7 38. Bd5 Re3 39. b4 axb4 40. axb4 Rxg3 41. Kd6 Kf5 42. c5 Kxf4 43. c6 1-0

[Event "Runcorn op"]
[Site "Runcorn"]
[Date "2010.09.26"]
[Round "4"]
[White "Szymanski, Mark"]
[Black "Vassiliou, Chris"]
[Result "1-0"]
[WhiteElo "1906"]
[BlackElo "1986"]
[PlyCount "41"]
[EventDate "2010.09.24"]
[EventType "swiss"]
[EventRounds "5"]
[EventCountry "ENG"]
[SourceTitle "CBM 138 Extra"]
[Source "ChessBase"]
[SourceDate "2010.10.29"]
[SourceVersion "1"]
[SourceVersionDate "2010.10.29"]
[SourceQuality "1"]

1. d4 f5 2. e4 fxe4 3. Nc3 Nf6 4. Bg5 e6 5. Nxe4 Be7 6. Bxf6 Bxf6 7. Nf3 Nc6 8. c3 b6 9. Bd3 Bb7 10. Qc2 Qe7 11. 0-0 0-0 12. Rae1 Rae8 13. Re3 g6 14. Nxf6+ Qxf6 15. b4 Qg7 16. Rfe1 Ne7 17. Ne5 Nd5 18. Rg3 Nf4 19. Nxg6 Nxd3 20. Qxd3 Rf5 21. Qxf5 1-0